000 00677nam a2200241Ia 4500
003 GCL
008 140319s9999 xx 000 0 ara d
040 _aGCL /
_cGCL
082 0 4 _a953.03
_bو ج
100 1 _aوفيق الدقدوقى
245 1 0 _aالجندية فى عهد الدولة الاموية /
_cوفيق الدقدوقى
300 _a287 ص
490 _a
650 0 4 _aالفتوحات الاسلامية
650 0 4 _aالدولة الاموية
650 0 4 _aقيادة الجيوش
650 0 4 _aالحرب
650 0 4 _aالعسكرية
650 0 4 _aالجيوش
650 0 4 _aالجنود
650 0 4 _aفن القتال
942 _2ddc
_cBK
999 _c40541
_d40541